zpět

Detail výsledku týmu

Hloupý Honza, Praha

Datum a čas kvízu

23.5 Celkem bodů Celkový počet nahraných bodů na tomto kvízu bez doplňovacích otázek.
9. Pořadí na kvízu Konečné umístění týmu na tomto kvízu.

Zaznamenané odpovědi

# Otázka Odpověď Body Výsledky
1. Předsedou KDU-ČSL se na pátečn... Marek Výborný 0
2. Letadlo charterové společnosti... Edinburgh 0
3. Videoklip jedné hudební kapely... Rammstein 1
4. Po Zootu se v problémech ocitá... Kulina.cz 0
5. 37letý záložník, hráč klubu AC... Marek Matějovský 1
6. Vaším úkolem bude uhodnout kře... Jan / Stanislav Tříska 0
7. Čtvrté nejčastější příjmení v... Petr / Pavel / Petra Svoboda 0.5
8. Nejstarším z další trojice je... Emanuel / David Moravec; Nikol Moravcová 0.5
9. Tento anglický herec, držitel... Clive / Michael Owen 0.5
10. Americký politik a aktivista,... John / James / Melanie Brown 0